A text-book of convergence, (Record no. 543763)

000 -LEADER
fixed length control field 00439cam a22001451 4500
082 ## - DEWEY DECIMAL CLASSIFICATION NUMBER
Classification number 515.24
Author Mark FER
-- L-2, P-5.
100 1# - MAIN ENTRY--PERSONAL NAME
Personal name Ferrar, W. L.
9 (RLIN) 39252
245 12 - TITLE STATEMENT
Title A text-book of convergence,
Statement of responsibility, etc. by W. L. Ferrar.
260 ## - PUBLICATION, DISTRIBUTION, ETC.
Place of publication, distribution, etc. Oxford,
Name of publisher, distributor, etc. The Clarendon Press,
Date of publication, distribution, etc. 1938.
300 ## - PHYSICAL DESCRIPTION
Extent vi p., 2 l., [3]-192 p.
Other physical details diagrs.
Dimensions 23 cm.
526 ## - STUDY PROGRAM INFORMATION NOTE
Program name 0
Interest level 0
Reading level 0
Title point value 515_240000000000000_FER
650 #0 - SUBJECT ADDED ENTRY--TOPICAL TERM
Topical term or geographic name entry element Convergence.
9 (RLIN) 39253
650 #0 - SUBJECT ADDED ENTRY--TOPICAL TERM
Topical term or geographic name entry element MCE
9 (RLIN) 379
942 ## - ADDED ENTRY ELEMENTS (KOHA)
Source of classification or shelving scheme
Koha item type Book
Holdings
Withdrawn status Lost status Source of classification or shelving scheme Damaged status Not for loan Permanent Location Current Location Date acquired Total Checkouts Full call number Barcode Date last seen Price effective from Koha item type
          Military College of Engineering (MCE) Military College of Engineering (MCE) 04/02/2014   515.24 FER MCE-29128 04/02/2014 04/02/2014 Book
© 2023 Central Library, National University of Sciences and Technology. All Rights Reserved.